Jumble Gym II Quiz Stats

 Plays Quiz Updated Aug 19, 2014

Also try: Jumble Gym
Challenge
Share
Tweet
Embed
Score 0/40 Timer 05:00
2 Plays Today
Jumble Word % Correct
KLULSSKULL
88.9%
MICLBCLIMB
84.9%
HEPTDDEPTH
76.4%
HUCLMMULCH
74.4%
NEVETEVENT
73.7%
MAROAAROMA
73.6%
LOBDOBLOOD
69.6%
RYROWWORRY
68.2%
FYTROFORTY
64.4%
FYTOLLOFTY
63.2%
HOPUCPOUCH
61%
WECITTWICE
59.5%
GAIEMIMAGE
58.7%
LORTLTROLL
58.3%
SCOUFFOCUS
56.2%
LUDATADULT
50.7%
ZORRARAZOR
48.9%
NIVLYVINYL
47.3%
RUGDAGUARD
46.4%
LETSYSTYLE
44.6%
Jumble Word % Correct
KAUHIHAIKU
44.1%
JANNININJA
41.2%
MIPOUOPIUM
39.9%
RUSPUUSURP
39.4%
ELKENKNEEL
39%
AGLEEEAGLE
38.5%
MOTIVVOMIT
37.9%
WULFAAWFUL
34.4%
NIEGEGENIE
32.2%
SOALSLASSO
31.9%
TOARAAORTA
29.2%
DIMATADMIT
27.8%
THACYYACHT
26.1%
FAFOLOFFAL
25.7%
FORRUFUROR
25.1%
CHOPEEPOCH
23.2%
CAPENPECAN
20.9%
DOIRARADIO
20.7%
FLIPAPILAF
18.9%
RHUSEUSHER
18.8%

You're not logged in!

Compare scores with friends on all Sporcle quizzes.
OR
Log In

You Might Also Like...

Show Comments

Extras

Top Quizzes Today


Score Distribution

Your Account Isn't Verified!

In order to create a playlist on Sporcle, you need to verify the email address you used during registration. Go to your Sporcle Settings to finish the process.

Report this User

Report this user for behavior that violates our Community Guidelines.

Details: